000 00679 a2200229 4500
001 29447
005 20260407155604.0
008 260407a1995 arg spa d
003 AR-UNSa-BCEJYS
040 _aAR-UNSa-BCEJYS
_bspa
_cAR-UNSa-BCEJYS
080 _a336.225
_xMétodo de tributación y administración de impuestos
245 1 0 _aInfracciones y sanciones tributarias
020 _a950-811-030-9
264 1 _aBuenos Aires :
_bEdiciones Nueva Técnica
_c1995
300 _a87 p.
_c28 cm.
041 _aspa
942 _cBK
590 _aniveau_biblio:m niveau_hierar:0
100 1 _aRofrano, Omar Angel
700 1 _aGomez, Oscar Daniel
700 1 _aDiez, Fernando
999 _c1872
_d1872